<?xml version="1.0" encoding="UTF-8"?>
<record
    xmlns:xsi="http://www.w3.org/2001/XMLSchema-instance"
    xsi:schemaLocation="http://www.loc.gov/MARC21/slim http://www.loc.gov/standards/marcxml/schema/MARC21slim.xsd"
    xmlns="http://www.loc.gov/MARC21/slim">

  <leader>00640nam  22002173  4500</leader>
  <controlfield tag="001">202007</controlfield>
  <datafield tag="010" ind1=" " ind2=" ">
    <subfield code="a">978-972-24-1724-2</subfield>
  </datafield>
  <datafield tag="021" ind1=" " ind2=" ">
    <subfield code="a">PT</subfield>
    <subfield code="b">329048/11</subfield>
  </datafield>
  <datafield tag="090" ind1=" " ind2=" ">
    <subfield code="a">202007</subfield>
  </datafield>
  <datafield tag="100" ind1=" " ind2=" ">
    <subfield code="a">20260430d        u||y0pory50      ba</subfield>
  </datafield>
  <datafield tag="200" ind1=" " ind2=" ">
    <subfield code="a">Outra vez!</subfield>
    <subfield code="f">autora e ilustradora Emily Gravett</subfield>
    <subfield code="g">tradu&#xE7;&#xE3;o Susana Baeta</subfield>
  </datafield>
  <datafield tag="205" ind1=" " ind2=" ">
    <subfield code="a">1&#xAA;</subfield>
  </datafield>
  <datafield tag="210" ind1=" " ind2=" ">
    <subfield code="a">Lisboa</subfield>
    <subfield code="c">Livros Horizonte</subfield>
    <subfield code="d">2011</subfield>
  </datafield>
  <datafield tag="215" ind1=" " ind2=" ">
    <subfield code="a">[28] p.</subfield>
    <subfield code="c">il. ; encadernado</subfield>
    <subfield code="d">27 cm</subfield>
  </datafield>
  <datafield tag="300" ind1=" " ind2=" ">
    <subfield code="a">Plano Nacional de Leitura - Ler+</subfield>
  </datafield>
  <datafield tag="606" ind1=" " ind2=" ">
    <subfield code="9">2</subfield>
    <subfield code="a">Literatura Infantil Inglesa</subfield>
  </datafield>
  <datafield tag="675" ind1=" " ind2=" ">
    <subfield code="a">821.111-3</subfield>
    <subfield code="v">PT</subfield>
    <subfield code="z">por</subfield>
  </datafield>
  <datafield tag="700" ind1=" " ind2=" ">
    <subfield code="9">180</subfield>
    <subfield code="a">Gravett</subfield>
    <subfield code="b">Emily</subfield>
    <subfield code="f">1972-</subfield>
  </datafield>
  <datafield tag="801" ind1=" " ind2=" ">
    <subfield code="a">PT</subfield>
    <subfield code="b">BMMN</subfield>
    <subfield code="g">RPC</subfield>
  </datafield>
  <datafield tag="830" ind1=" " ind2=" ">
    <subfield code="c">Isabel</subfield>
  </datafield>
  <datafield tag="990" ind1=" " ind2=" ">
    <subfield code="c">LIVROS</subfield>
  </datafield>
  <datafield tag="995" ind1=" " ind2=" ">
    <subfield code="0">0</subfield>
    <subfield code="2">0</subfield>
    <subfield code="5">2026-04-30</subfield>
    <subfield code="9">31699</subfield>
    <subfield code="b">BMMN</subfield>
    <subfield code="c">BMMN</subfield>
    <subfield code="f">31421</subfield>
    <subfield code="k">821.111-93 GRA|AIJ</subfield>
    <subfield code="m">2026-05-12</subfield>
    <subfield code="n">2026-05-26</subfield>
    <subfield code="o">0</subfield>
    <subfield code="r">LIVROS</subfield>
    <subfield code="s">Oferta</subfield>
  </datafield>
</record>
